000 00226nam a2200097Ia 4500
001 679963
005 20250826161332.0
008 250824s9999 xx 000 0 und d
245 0 _aALTIN IŞIK
_cZİYA GÖKALP
260 _bPARILTI
999 _c679963
_d679963